000 00365nam a2200145Ia 4500
008 240624s9999 xx 000 0 und d
041 _aeng
082 _a519.2 GRI
100 _aGRIMMETT GEOFFREY R
245 _aPROBABILITY AND RANDOM PROCESSES
250 _a(3rd ed.)
260 _c2001
_aUSA
_bOxford University press
300 _a608 : p.
365 _cBPS
_b25
999 _c13921
_d13921